000 00679nam a2200217Ii 4500
003 JO-AjNU
008 230605s9999||||xx |||||||||||||| ||und||
017 _a4942
020 _a977-7058-22-5
040 _aJO-AjNU
_bara
_erda
_cJO-AjNU
041 _aara
050 1 4 _aUB1240 1976
100 3 _aالشرقاوي ،كامل ,
_eauthor
_915703
245 0 0 _aتطور الطائرات الحربية ودورها في الحروب
264 3 1 _aالقاهرة :دار الشروق ،1976
300 _a204ص
336 _atext
_btxt
_2rdacontent
337 _aunmediated
_bn
_2rdamedia
338 _avolume
_bnc
_2rdacarrier
650 4 _aالطائرات الحربية
_915704
999 _aA4496
_c8064
_d8064